000 00279nam a22001217a 4500
008 180222b xxu||||| |||| 00| 0 eng d
041 _aeng
080 _a94
100 _a16
101 _aHIS
245 _aDOCUMENTS OF THE AMERICAN REVOLUTION
_cDAVIES.K.G
942 _2udc
_cBK
999 _c43198
_d43198